Little boat /

Bibliographic Details
Main Author: Valentine, Jean
Format: Book
Language:English
Published: Middletown, Conn. : Wesleyan University Press, [2007]
Series:Wesleyan poetry.
Online Access:Table of contents only

MARC

Tag First Indicator Second Indicator Subfields
LEADER 00000pam a22000004a 4500
001 in00002333763
005 20151108041938.0
008 070330s2007 ctu b 000 0 eng
010 |a  2007013487 
020 |a 9780819568502 (alk. paper) 
020 |a 0819568503 (alk. paper) 
035 |a (OCoLC)ocn122973543 
035 |a (OCoLC)122973543 
040 |a DLC  |c DLC  |d YDX  |d BAKER  |d BTCTA  |d YDXCP  |d UtOrBLW 
049 |a TXAM 
050 0 0 |a PS3572.A39  |b L58 2007 
082 0 0 |a 811/.54  |2 22 
100 1 |a Valentine, Jean. 
245 1 0 |a Little boat /  |c Jean Valentine. 
264 1 |a Middletown, Conn. :  |b Wesleyan University Press,  |c [2007] 
264 4 |c ©2007 
300 |a viii, 67 pages ;  |c 23 cm. 
336 |a text  |b txt  |2 rdacontent 
337 |a unmediated  |b n  |2 rdamedia 
338 |a volume  |b nc  |2 rdacarrier 
490 1 |a Wesleyan poetry 
504 |a Includes bibliographical references (page 66). 
830 0 |a Wesleyan poetry. 
856 4 1 |3 Table of contents only  |u http://www.loc.gov/catdir/toc/ecip0715/2007013487.html  |t 0 
938 |a Baker & Taylor  |b BKTY  |c 22.95  |d 17.21  |i 0819568503  |n 0007296949  |s active 
938 |a Baker and Taylor  |b BTCP  |n BK0007296949 
938 |a YBP Library Services  |b YANK  |n 2565034 
945 |a PromptCat  |b 221763 
946 |a stk 
947 |a A14836244922 
948 |a cataloged  |b h  |c 2007/9/20  |d c  |e dmartine  |f 11:50:07 am 
994 |a 92  |b TXA 
999 |a MARS 
999 f f |s 579f5391-3e0a-3fb1-91ae-4aa1e2218790  |i 8bf7932e-cac2-3b80-90e8-bb7c37f920c2  |t 0 
952 f f |p ric  |a Texas A&M University  |b Rellis Campus  |c Joint Library Facility  |d Remote Storage  |t 0  |e PS3572.A39 L58 2007  |h Library of Congress classification  |i unmediated -- volume  |m A14836244922 
998 f f |a PS3572.A39 L58 2007  |t 0  |l Remote Storage